Tesco Stores Ltd v SOS Environment and West Oxfordshire DC and Tarmac Provincial Properties Ltd (Record no. 10557)
[ view plain ]
| 000 -LEADER | |
|---|---|
| fixed length control field | 01641cab a2200229 4500 |
| 001 - CONTROL NUMBER | |
| control field | X1294 |
| 008 - FIXED-LENGTH DATA ELEMENTS--GENERAL INFORMATION | |
| fixed length control field | 090401t1994 xxu||||| |||| 00| 0 eng d |
| 035 ## - SYSTEM CONTROL NUMBER | |
| System control number | (Sirsi) u16052 |
| 041 ## - LANGUAGE CODE | |
| Language code of text/sound track or separate title | eng |
| 245 ## - TITLE STATEMENT | |
| Title | Tesco Stores Ltd v SOS Environment and West Oxfordshire DC and Tarmac Provincial Properties Ltd |
| 260 ## - PUBLICATION, DISTRIBUTION, ETC. | |
| Date of publication, distribution, etc. | 1994 |
| 350 ## - PRICE (NR) (BK AM CF MU VM SE) [OBSOLETE] | |
| Price | 0 |
| 490 ## - SERIES STATEMENT | |
| Series statement | Journal of Planning and Environment Law |
| Volume/sequential designation | 1994 JPL 227-242(16) |
| 520 ## - SUMMARY, ETC. | |
| Summary, etc. | Retail Food Stores - policies in emerging local plan - access arrangements - impact on traffic - applicant`s offer of funding for highway improvements - link between development of food store and highway funding - local plan Inspector`s preference for site of one food store and Council`s acceptance - whether part of local development plan process - weight to be accorded to such preference planning obligations Circular 16/91 paras B8 and B9 - SoS granted planning permission for a site different to that preferred by local plan inspector and refused the application by Tesco - appeal to High Court decision quashed SoS entitled to give little weight to the local plan inspector`s preference after having expressly considered it - use and application of tests in Annex B of Circular 16/91 not appropriate in the case where an offer from a proposed developer is under consideration - tests of B8 and B9 are not the legal test of materiality R v Plymouth CC applied - there was a fair and reasonabl |
| 650 ## - SUBJECT ADDED ENTRY--TOPICAL TERM | |
| Topical term or geographic name entry element | CIRCULAR 16/91 |
| 650 ## - SUBJECT ADDED ENTRY--TOPICAL TERM | |
| Topical term or geographic name entry element | HIGHWAYS |
| 650 ## - SUBJECT ADDED ENTRY--TOPICAL TERM | |
| Topical term or geographic name entry element | R V PLYMOUTH CITY COUNCIL |
| 650 ## - SUBJECT ADDED ENTRY--TOPICAL TERM | |
| Topical term or geographic name entry element | RETAIL DEVELOPMENT |
| 690 ## - LOCAL SUBJECT ADDED ENTRY--TOPICAL TERM (OCLC, RLIN) | |
| Topical term or geographic name as entry element | PLANNING LAW AND PRACTICE |
| 942 ## - ADDED ENTRY ELEMENTS (KOHA) | |
| Suppress in OPAC | 0 |
| 948 ## - LOCAL PROCESSING INFORMATION (OCLC); SERIES PART DESIGNATOR (RLIN) | |
| c (OCLC) | 04/03/1997 |
| Withdrawn status | Lost status | Source of classification or shelving scheme | Damaged status | Not for loan | Home library | Current library | Shelving location | Date acquired | Total Checkouts | Full call number | Barcode | Date last seen | Copy number | Price effective from | Koha item type |
|---|---|---|---|---|---|---|---|---|---|---|---|---|---|---|---|
| Dewey Decimal Classification | London | London | Journal article | 14/09/1999 | X1294 | 16052-1001 | 06/08/2019 | 1 | 06/08/2019 | Law report |